| 000 | 00672cam a22002411 4500 | ||
|---|---|---|---|
| 001 | sa 68018836 | ||
| 003 | DLC | ||
| 005 | 20260227112715.0 | ||
| 008 | 720728s1966 xx 000 0 ind | ||
| 010 | _asa 68018836 | ||
| 035 | _a(OCoLC)368210 | ||
| 040 |
_aDLC _cOAU _dDLC |
||
| 042 | _apremarc | ||
| 050 | 0 | 0 |
_aBL72 _b.A75 |
| 100 | 1 | _aArifin, Bey. | |
| 245 | 1 | 0 | _aMarjam, Isa [dan] Muhammad. |
| 250 |
_aTjet. 1. [i. e. 4.] _bsetelah disempurnakan dan ditambah. |
||
| 260 |
_aBandung, _bU. H. Mansoor _c[1966] |
||
| 300 |
_a164 p. _billus. _c22 cm. |
||
| 600 | 0 | 0 |
_aMary, _cBlessed Virgin, Saint. |
| 600 | 0 | 0 | _aJesus Christ. |
| 600 | 0 | 0 |
_aMuḼammad, _cProphet, _d-632. |
| 999 |
_c88673 _d88673 |
||